Perkhidmatan awam Malaysia : Memperkukuhkan agenda pembaharuan

Bibliographic Details
Format: Book
Published: Kerajaan Malaysia : 2000
Subjects:

MARC

LEADER 00000cam a2200000 7i4500
001 0000013296
005 20050625.0
020 |a 9839827146 
040 |a INS 
090 0 0 |a JF1358.   |b P447 2000 
245 1 0 |a Perkhidmatan awam Malaysia :   |b Memperkukuhkan agenda pembaharuan 
260 |a Kerajaan Malaysia :   |b 2000 
300 |a vip :   |b 252p ;   |c 21cm. 
650 0 0 |a Civil service-Malaysia 
999 |a 0000008196   |b BOOK   |c Open Shelf   |e Default branch